| 000 | 01492cam a2200361 i 4500 | ||
|---|---|---|---|
| 001 | 12423 | ||
| 003 | Mx-PuUPA | ||
| 005 | 20251103124812.0 | ||
| 008 | 140415s2024 mx a gr 001 0 spa d | ||
| 020 |
_a9786076058435 _qINBAL |
||
| 020 |
_a9786079543815 _qFMSJ |
||
| 040 |
_cMx-PuUPA _aMx-PuUPA _bspa _dMx-PuUPA _erda |
||
| 041 | 1 |
_aspa _aeng |
|
| 100 | 1 |
_aGlass, Alan, _d1932- _917436 _eautor |
|
| 245 | 1 | 0 |
_aAlan Glass : _bsorprendente hallazgo / _cAlan Glass ; Alejandra de la Paz, coordinación general ; Fabián Campos ; traducción inglés-español ; Oswaldo Hernández, traducción español-inglés |
| 250 | _aPrimera edición | ||
| 264 | 1 |
_aPuebla, Puebla : _bInstituto Nacional de Bellas Artes y Literatura ; _bFundación Mary Street Jenkins, _c©2024 |
|
| 300 |
_a301 páginas : _bilustraciones (a color) ; _c31 cm |
||
| 336 |
_2rdacontent _atexto _btxt |
||
| 337 |
_2rdamedia _asin medio _bn |
||
| 338 |
_2rdacarrier _avolumen _bnc |
||
| 546 | _aTexto en español e inglés. | ||
| 600 | 1 | 4 |
_aGlass, Alan _c1932- _vExposiciones |
| 650 | 7 |
_2armarc _aArte _ySiglo XX _vExposiciones |
|
| 650 | 7 |
_2armarc _aEnsamblaje (arte) _vExposiciones |
|
| 700 | 1 |
_aPaz, Alejandra de la, _ecoordinador _917428 |
|
| 700 | 1 |
_aCampos, Fabián, _etraductor |
|
| 700 | 1 |
_aHernández, Oswaldo, _etraductor |
|
| 942 |
_2ddc _cLI _h700.904 _iG54 |
||
| 999 |
_c12423 _d12423 |
||